Biblioteca

¿Qué mensaje es el medio? : (Registro nro. 69425)

Detalles MARC
000 -LÍDER
Campo fijo de descripción fija 01253nab a2200205 i 4500
001 - NÚMERO DE CONTROL
Campo de control 768714001
003 - IDENTIFICADOR DEL NÚMERO DE CONTROL
Campo de control CO-MdFUSB
005 - FECHA Y HORA DE LA ULTIMA TRANSACCIÓN
control field 20240430081814.0
008 - ELEMENTOS DE LONGITUD FIJA -- INFORMACIÓN GENERAL
Campo fijo de descripción fija -- Información general 240429t2005sp ||||| |||| 00| 0 spa d
040 ## - FUENTE DE CATALOGACIÓN
Idioma de catalogación spa
Agencia que realiza la transcripción CO-MdFUSB
Agencia que realiza la modificación CO-MdFUSB
041 ## - CÓDIGO DE IDIOMA
Código de idioma para texto/pista de sonido o título separado spa
100 ## - ASIENTO PRINCIPAL--NOMBRE PERSONAL
Nombre personal Borgman, Eric,
Término relacionador autor
245 1# - TÍTULO
Título ¿Qué mensaje es el medio? :
Subtitulo conclusiones sobre internet, religión y ética de la conectividad mediática
Mención de responsabilidad / Eric Borgman , Stephan van Erp
520 ## - NOTA DE RESUMEN, ETC.
Nota de sumario, etc. Este nota se centra en la tarea de existir e informar a la clase dominante que hay una transgresión dentro de la población empobrecida vinculada a iniciativas contrastantes de justicia social. Sin embargo, el autor lo nombra como "un espacio donde los pobres venden sus sueños". Actualmente, en medio del caos del crecimiento capitalista global en América Latina, once individuos de Argentina han optado por vender sus propios sueños en Internet.
650 #0 - ASIENTO SECUNDARIO DE MATERIA - TERMINO TEMÁTICO
Término temático o nombre geográfico como elemento de entrada Comunicación (Teología)
9 (RLIN) 1244
653 ## - TÉRMINO DE INDIZACIÓN - NO CONTROLADO
Término no controlado Ciberespacio, ciberética y ciberteología
700 ## - ENTR. SECUNDARIA - Nombre Personal (R)
Nombre de persona Erp, Stephan van,
Término indicativo de función autor
773 0# - ASIENTO DE ITEM FUENTE
Biblionumber 49450
Itemnumber 60408
Otro identificador del ítem R0339
Título Revista internacional de teología Concilium
Número de control del registro (CO-MdFUSB)8
Número Internacional Normalizado para Publicaciones Seriadas (ISSN) 0210-1041
Parte(s) relacionada(s) / Volumen., número. (mes año), páginas Número 309, (febrero, 2005), páginas: 127 - 139
Enumeración y primera página página: 127
942 ## - TIPO DE MATERIAL (KOHA)
Tipo de Item KOHA Artículos de Revista

No hay ítems disponibles.

Biblioteca FUSBC | Teléfono: (57+4) 349 88 10 Ext. 141| WhatsApp (+57) 3005338115 
E-mail: biblioteca@unisbc.edu.co | Calle 76 87-14 Robledo Palenque, Medellín, Colombia

Con tecnología Koha